Online Catalogue and eLibrary

Vimarsana thamil (Record no. 4196)

MARC details
000 -LEADER
fixed length control field 00371nam a2200145Ia 4500
005 - DATE AND TIME OF LATEST TRANSACTION
control field 20250404052643.0
008 - FIXED-LENGTH DATA ELEMENTS--GENERAL INFORMATION
fixed length control field 240331s9999 xx 000 0 und d
082 ## - DDC Classification
Item Number - Author Mark SIV
Class No. 894
100 ## - MAIN ENTRY--PERSONAL NAME
Personal name Sivasankaran, T.K
245 #0 - TITLE STATEMENT
Title Vimarsana thamil
260 ## - PUBLICATION, DISTRIBUTION, ETC.
Place of publication, distribution, etc. Shivagangai
Name of publisher, distributor, etc. Anam Pvt Ltd
Date of publication, distribution, etc. 1993
300 ## - PHYSICAL DESCRIPTION
Extent (e.g. Volumes, Pages etc.) 253 p .,
500 ## - GENERAL NOTE
General note Illakiyya Thamil patriya Kadooraikal
942 ## - Koha item type (Biblio)
Koha item type Books in Stacks (Lending)
Holdings
Lost status Damaged status Collection code Home library Current library Shelving location Date acquired Full call number Accession Number Item type
    Lending WERC Library WERC Library Social Science Cupboard 03/31/2024 894.811 SIV 3688 Books in Stacks (Lending)

© WERC Library